تخطي إلى المحتوى

Металлургия цветных металлов электронное учебно-методическое пособие

В учебно-методическом пособии рассмотрены технологии производства самых распространённых цветных металлов, таких как алюминий, магний, бериллий, титан, медь и др. Предназначено для студентов специальностей 150702 «Физика металлов» и 120500 «Оборудование и технология сварочного производства», обучающ...

وصف كامل

محفوظ في:
التفاصيل البيبلوغرافية
المؤلف الرئيسي: Ковтунов А. И.
مؤلفون آخرون: Семистенова Т. В.
التنسيق: Книга
اللغة:Russian
منشور في: Тольятти ТГУ 2016
الوصول للمادة أونلاين:https://e.lanbook.com/book/139921
https://e.lanbook.com/img/cover/book/139921.jpg
الوسوم: إضافة وسم
لا توجد وسوم, كن أول من يضع وسما على هذه التسجيلة!
LEADER 01755nam0a2200277 i 4500
001 139921
003 RuSpLAN
005 20221220174048.0
008 221220s2016 ru gs 000 0 rus
020 |a 978-5-8259-1014-7 
040 |a RuSpLAN 
041 0 |a rus 
044 |a ru 
080 |a 669.2/8 
084 |a 34.33  |2 rubbk 
245 0 0 |a Металлургия цветных металлов  |b электронное учебно-методическое пособие  |c Ковтунов А. И.,Семистенова Т. В. 
260 |a Тольятти  |b ТГУ  |c 2016 
300 |a 63 с. 
504 |a Библиогр.: доступна в карточке книги, на сайте ЭБС Лань 
520 8 |a В учебно-методическом пособии рассмотрены технологии производства самых распространённых цветных металлов, таких как алюминий, магний, бериллий, титан, медь и др. Предназначено для студентов специальностей 150702 «Физика металлов» и 120500 «Оборудование и технология сварочного производства», обучающихся по дисциплине «Производство и обработка металлов и соединений». 
521 8 |a Книга из коллекции ТГУ - Инженерно-технические науки 
100 1 |a Ковтунов А. И. 
700 1 |a Семистенова Т. В. 
856 4 |u https://e.lanbook.com/book/139921 
856 4 8 |u https://e.lanbook.com/img/cover/book/139921.jpg 
953 |a https://e.lanbook.com/img/cover/book/139921.jpg